ball in 10 different languages - Statistics

General Stats
  • This quiz has been taken 4 times
  • The average score is 3 of 10
Answer Stats
Hint Answer % Correct
english ball
100%
polish piłka
75%
french balle
25%
swedish boll
25%
spanish pelota
25%
portuguese (brazilian) bola
0%
romanian minge
0%
italian palla
0%
finnish pallo
0%
turkish top
0%
No matching quizzes found
Score Distribution
Percent of People with Each Score
Percentile by Number Answered
Your Score History
You have not taken this quiz